[Event "41. Offene Stadtmeisterschaft"]
[Site "Bergisch Gladbach"]
[Date "2019.09.06"]
[Round "2.17"]
[White "Hoferichter, Michael"]
[Black "Blüggel, Theodor"]
[Result "1-0"]
[WhiteElo "1453"]
[BlackElo "926"]
[PlyCount "91"]
[EventDate "2020.??.??"]
[EventRounds "7"]

1. d4 d5 2. c4 dxc4 3. e3 e6 4. Bxc4 Nf6 5. Nf3 Be7 6. Nc3 O-O 7. O-O Nc6 8. a3
a6 9. b4 b5 10. Bd3 h6 11. Re1 Bb7 12. e4 Re8 13. e5 Nh7 14. Qc2 Ng5 15. Nxg5
Bxg5 16. Bxg5 Qxg5 17. Ne4 Qd8 18. Rac1 Rb8 19. Re3 Re7 20. Rg3 Nxd4 21. Qd1
Nf5 22. Rh3 Bxe4 23. Bxe4 Qxd1+ 24. Rxd1 Ree8 25. Rhd3 h5 26. Rd7 Re7 27. Rxe7
Nxe7 28. Rd7 Nd5 29. Bxd5 exd5 30. Rxd5 Kf8 31. f4 Ke7 32. Kf2 Rd8 33. Rxd8
Kxd8 34. Ke3 Kd7 35. Ke4 g6 36. h4 c6 37. f5 gxf5+ 38. Kxf5 Ke7 39. g4 hxg4 40.
Kxg4 Kf8 41. Kg5 Kg7 42. h5 Kh7 43. Kf6 Kg8 44. h6 Kh7 45. Kxf7 Kxh6 46. e6 1-0

[Event "41. Offene Stadtmeisterschaft"]
[Site "Bergisch Gladbach"]
[Date "2019.09.06"]
[Round "2.18"]
[White "Bosbach, Katja"]
[Black "Roder, Stephan"]
[Result "0-1"]
[WhiteElo "801"]
[BlackElo "1437"]
[PlyCount "66"]
[EventDate "2020.??.??"]
[EventRounds "7"]

1. d4 Nf6 2. Nf3 d6 3. Nc3 g6 4. e4 Bg7 5. Bc4 O-O 6. O-O c6 7. Be3 b5 8. Bd3
Na6 9. a3 Nc7 10. Re1 Nfe8 11. Be2 f5 12. exf5 Bxf5 13. h3 Nf6 14. Na2 Ncd5 15.
Bg5 Kh8 16. c3 h6 17. Bh4 g5 18. Bg3 Ne4 19. Bh2 Qc8 20. Nb4 Nf4 21. Bd3 d5 22.
Qc2 a5 23. Na2 Nxd3 24. Qxd3 Nxf2 25. Kxf2 Bxd3 26. Rxe7 Be4 27. Ke3 Bxf3 28.
gxf3 Qxh3 29. Rf1 Qxf1 30. Be5 Qe1+ 31. Kd3 Rxf3+ 32. Kc2 Rf2+ 33. Kb3 Qd1# 0-1

[Event "41. Offene Stadtmeisterschaft"]
[Site "Bergisch Gladbach"]
[Date "2019.09.13"]
[Round "3.1"]
[White "Türkkan, Nuh"]
[Black "Eilers, Jochen"]
[Result "0-1"]
[WhiteElo "1813"]
[BlackElo "2003"]
[PlyCount "74"]
[EventDate "2020.??.??"]
[EventRounds "7"]

1. c4 g6 2. Nc3 Bg7 3. d4 c5 4. d5 d6 5. e4 Nf6 6. f4 O-O 7. Nf3 b5 8. cxb5 a6
9. Be2 axb5 10. Nxb5 Nxe4 11. Qc2 Nf6 12. Nc3 Na6 13. Bxa6 Bxa6 14. h3 Qb6 15.
Be3 Rfb8 16. b3 Ne4 17. Qxe4 Bxc3+ 18. Kf2 Bxa1 19. Rxa1 Qc7 20. f5 Rb4 21. Qc2
Qd7 22. g4 c4 23. Qc3 Rab8 24. Bh6 f6 25. Nd4 cxb3 26. axb3 Qb7 27. Qc6 Rxd4
28. Rxa6 Rb4 29. fxg6 hxg6 30. Qc2 Kh7 31. Rc6 Kxh6 32. Qc1+ Kg7 33. Rc7 Qb6+
34. Kg2 Rb7 35. Rc8 Rxb3 36. Rh8 Rb2+ 37. Kg3 Qf2# 0-1

[Event "41. Offene Stadtmeisterschaft"]
[Site "Bergisch Gladbach"]
[Date "2019.09.13"]
[Round "3.2"]
[White "Ljuboschiz, Alexander"]
[Black "Kuhn, Andreas"]
[Result "1/2-1/2"]
[WhiteElo "1928"]
[BlackElo "1820"]
[PlyCount "109"]
[EventDate "2020.??.??"]
[EventRounds "7"]

1. e4 c5 2. Nf3 Nc6 3. Nc3 g6 4. d4 cxd4 5. Nxd4 Bg7 6. Be3 Nf6 7. Be2 O-O 8.
f4 d6 9. Qd2 Nxd4 10. Bxd4 e5 11. Bf2 Bh6 12. Be3 d5 13. exd5 exf4 14. Bxf4
Bxf4 15. Qxf4 Nxd5 16. Nxd5 Qxd5 17. O-O Qc5+ 18. Rf2 Be6 19. Bd3 Rfd8 20. a3
Rac8 21. Re1 Qd4 22. Qxd4 Rxd4 23. Rfe2 Kg7 24. Kf2 Rc7 25. Re4 Rxe4 26. Bxe4
b6 27. Bd3 Kf6 28. Re3 Rc5 29. h3 h5 30. h4 a5 31. Rf3+ Ke7 32. Ke3 Re5+ 33.
Kd2 Rc5 34. b4 axb4 35. axb4 Re5 36. Re3 Rd5 37. Kc3 Rd7 38. Bc4 Rc7 39. Kd3
Rd7+ 40. Kc3 Rc7 41. Kb3 Kf6 42. Bxe6 fxe6 43. Rf3+ Ke5 44. Rg3 Kf6 45. c4 e5
46. Kc3 Rc6 47. Rg5 e4 48. Kd4 e3 49. Kxe3 Rxc4 50. Rb5 Rxh4 51. Rxb6+ Kf5 52.
Rb8 Re4+ 53. Kf3 Rc4 54. b5 Rc3+ 55. Kf2 1/2-1/2

[Event "41. Offene Stadtmeisterschaft"]
[Site "Bergisch Gladbach"]
[Date "2019.09.13"]
[Round "3.4"]
[White "Gutt, Oswald"]
[Black "Bosbach, Volker"]
[Result "1-0"]
[WhiteElo "1882"]
[BlackElo "1669"]
[PlyCount "87"]
[EventDate "2020.??.??"]
[EventRounds "7"]

1. d4 d5 2. c4 e6 3. Nc3 Nf6 4. Bg5 Nbd7 5. e3 c6 6. Nf3 Be7 7. Rc1 O-O 8. Qc2
Re8 9. a3 a6 10. c5 b6 11. cxb6 c5 12. dxc5 Nxc5 13. b4 Ncd7 14. Na4 Nxb6 15.
Nc5 Nbd7 16. Bd3 Nxc5 17. bxc5 h6 18. Bf4 Qa5+ 19. Qc3 Qxc3+ 20. Rxc3 Ne4 21.
Bxe4 dxe4 22. Nd2 f5 23. Be5 Rd8 24. Nb3 Rd5 25. Bc7 Bf6 26. Rc2 Ra7 27. Bb6
Rad7 28. O-O Rd3 29. c6 R7d5 30. Na5 Rb5 31. Nc4 Be7 32. a4 Rbd5 33. Bd4 Bc5
34. Ne5 Bxd4 35. Nxd3 exd3 36. Rc4 Ba7 37. Rd1 e5 38. g3 Kf7 39. Kg2 Ke7 40. e4
fxe4 41. Rxe4 Bf5 42. Rc4 Rc5 43. Rb4 Be4+ 44. Rxe4 1-0

[Event "41. Offene Stadtmeisterschaft"]
[Site "Bergisch Gladbach"]
[Date "2019.09.13"]
[Round "3.5"]
[White "Bosbach, Manfred"]
[Black "Schäde, Maximilian"]
[Result "0-1"]
[WhiteElo "1718"]
[BlackElo "1769"]
[PlyCount "76"]
[EventDate "2020.??.??"]
[EventRounds "7"]

1. e4 c5 2. Nf3 d6 3. d4 cxd4 4. Nxd4 Nf6 5. Nc3 a6 6. a4 e5 7. Nb3 Be6 8. Bg5
Nbd7 9. Nd5 h6 10. Nxf6+ Nxf6 11. Bxf6 Qxf6 12. Na5 Qd8 13. Qd2 Be7 14. Nc4 Rc8
15. Ne3 Qb6 16. c4 d5 17. Qc2 dxc4 18. Ke2 O-O 19. Rb1 Rfd8 20. Kf3 Qb4 21. Be2
Rd2 22. Qc3 g5 23. h3 Qxc3 24. bxc3 Rc7 25. Rhd1 Ra2 26. Ra1 Rb2 27. Rab1 Rb3
28. Rxb3 cxb3 29. c4 Rc6 30. Nd5 Ba3 31. Bd3 b2 32. Ke2 Rc5 33. Ne3 Ra5 34. Bc2
b5 35. axb5 axb5 36. Bb3 Bc5 37. Kd3 Bxe3 38. fxe3 Ra1 0-1

[Event "41. Offene Stadtmeisterschaft"]
[Site "Bergisch Gladbach"]
[Date "2019.09.13"]
[Round "3.6"]
[White "Urban, Michael"]
[Black "Nichte, Philipp"]
[Result "1-0"]
[WhiteElo "1675"]
[BlackElo "1746"]
[PlyCount "73"]
[EventDate "2020.??.??"]
[EventRounds "7"]

1. d4 Nf6 2. Bf4 d6 3. Nc3 Nbd7 4. Nf3 c5 5. e3 g6 6. Be2 Bg7 7. h4 Qb6 8. Rb1
Qa5 9. O-O O-O 10. a3 a6 11. Qd2 Nh5 12. Bh2 cxd4 13. exd4 Ndf6 14. Rfd1 Ng4
15. Bf4 e5 16. dxe5 dxe5 17. Nd5 Qc5 18. Be3 Nxe3 19. Nxe3 Nf4 20. b4 Qe7 21.
g3 Nxe2+ 22. Qxe2 Be6 23. Ng5 Rad8 24. Nxe6 Qxe6 25. c4 Rc8 26. c5 Rfd8 27. Nc4
Bf8 28. Nb6 Rxd1+ 29. Rxd1 Re8 30. Rd7 Qc6 31. Qc4 Re6 32. Qd5 Qxd5 33. Nxd5 a5
34. Rxb7 axb4 35. axb4 e4 36. Rb6 Re5 37. Nf6+ 1-0

[Event "41. Offene Stadtmeisterschaft"]
[Site "Bergisch Gladbach"]
[Date "2019.09.13"]
[Round "3.7"]
[White "Shelukie, Magd"]
[Black "Winckler, Andreas"]
[Result "0-1"]
[WhiteElo "1527"]
[BlackElo "1759"]
[PlyCount "142"]
[EventDate "2020.??.??"]
[EventRounds "7"]

1. e4 c5 2. Nf3 Nc6 3. Bb5 g6 4. c3 Bg7 5. Na3 Qa5 6. Qe2 a6 7. Bxc6 dxc6 8.
O-O Nf6 9. Nc4 Qc7 10. d4 b5 11. Nce5 c4 12. Bf4 Nh5 13. Bg3 Nxg3 14. fxg3 f6
15. Nxc4 bxc4 16. Qxc4 a5 17. Ne5 Rf8 18. Qxc6+ Qxc6 19. Nxc6 Bb7 20. d5 Bxc6
21. dxc6 Rc8 22. Rad1 Rxc6 23. Rd5 Ra6 24. Rfd1 Kf7 25. Rb5 Rc8 26. Rd7 Rcc6
27. Kf2 Rcb6 28. a4 Rd6 29. Rc7 Rd2+ 30. Kf3 Rad6 31. b4 axb4 32. cxb4 h5 33.
Rc3 f5 34. e5 R6d5 35. Rxd5 Rxd5 36. b5 Bxe5 37. Rb3 Bb8 38. a5 e5 39. a6 e4+
40. Ke2 Ke6 41. b6 Ra5 42. a7 Bxa7 43. bxa7 Rxa7 44. Rb6+ Kf7 45. h4 Ra2+ 46.
Kf1 Rd2 47. Rc6 Rd7 48. Ke2 Re7 49. Ke3 Re6 50. Rc5 Rd6 51. Re5 Rd3+ 52. Kf2
Rd2+ 53. Kf1 Kf6 54. Re8 Rd6 55. Ke2 Re6 56. Rd8 Ke5 57. Ke3 Rd6 58. Re8+ Kd5
59. Kf4 Kd4 60. Re7 Kd3 61. Re5 Ke2 62. Ra5 Rd2 63. Kg5 Rd6 64. Kf4 Kf1 65. Ra2
Kg1 66. Re2 Rd3 67. Kg5 Rxg3+ 68. Kf4 Rxg2 69. Re3 Rg4+ 70. Ke5 Kf2 71. Rh3 e3
0-1

[Event "41. Offene Stadtmeisterschaft"]
[Site "Bergisch Gladbach"]
[Date "2019.09.13"]
[Round "3.8"]
[White "Behle, Burkhard"]
[Black "Friske, Hans"]
[Result "1-0"]
[WhiteElo "1758"]
[BlackElo "1509"]
[PlyCount "47"]
[EventDate "2020.??.??"]
[EventRounds "7"]

1. d4 d5 2. c4 c6 3. Nf3 Nf6 4. Nc3 e6 5. Bg5 Be7 6. e3 h6 7. Bh4 Ne4 8. Bxe7
Qxe7 9. Qc2 f5 10. Ne5 Qf6 11. cxd5 exd5 12. Nxd5 Qd6 13. Nc3 Nxc3 14. Qxc3 O-O
15. Bc4+ Be6 16. O-O Rf6 17. f3 b5 18. Bxe6+ Qxe6 19. b4 Qd6 20. Rfc1 a5 21.
bxa5 b4 22. Qb3+ Kf8 23. f4 Rxa5 24. Nc4 1-0

[Event "41. Offene Stadtmeisterschaft"]
[Site "Bergisch Gladbach"]
[Date "2019.09.13"]
[Round "3.9"]
[White "Schläbitz, Joel"]
[Black "Nölle, Michael"]
[Result "1-0"]
[WhiteElo "1730"]
[BlackElo "1496"]
[PlyCount "91"]
[EventDate "2020.??.??"]
[EventRounds "7"]

1. e4 e5 2. Nf3 Nc6 3. Bc4 Bc5 4. c3 Qf6 5. O-O h6 6. d4 Bb6 7. Be3 d6 8. dxe5
Nxe5 9. Nxe5 Qxe5 10. Bd4 Qg5 11. f4 Qh4 12. Bxb6 axb6 13. Qd5 Qe7 14. Nd2 Ra5
15. Qd4 Nf6 16. b4 Rh5 17. Be2 Rh4 18. g3 Rh3 19. Rae1 c5 20. bxc5 bxc5 21.
Qa4+ Nd7 22. Bg4 O-O 23. Bxh3 Nb6 24. Qb5 Bxh3 25. Qxb6 Bxf1 26. Kxf1 Ra8 27.
Qb3 Qd7 28. Nc4 Qc6 29. Nb6 Ra6 30. Nd5 Qd7 31. c4 Ra8 32. Nb6 Qh3+ 33. Kg1 Re8
34. Nd5 Qd7 35. Qb5 Qc8 36. a4 Re6 37. Kg2 f5 38. e5 Kh7 39. Nb6 Qc7 40. Nd5
Qc8 41. a5 Qb8 42. a6 dxe5 43. Qxb7 Qd6 44. a7 exf4 45. Rxe6 Qxe6 46. Nxf4 1-0

[Event "41. Offene Stadtmeisterschaft"]
[Site "Bergisch Gladbach"]
[Date "2019.09.13"]
[Round "3.10"]
[White "Schüers, Christian"]
[Black "Mann, Günter"]
[Result "1/2-1/2"]
[WhiteElo "1482"]
[BlackElo "1728"]
[PlyCount "53"]
[EventDate "2020.??.??"]
[EventRounds "7"]

1. d4 c6 2. Nf3 g6 3. c4 Bg7 4. Nc3 d5 5. e3 Nf6 6. Be2 O-O 7. O-O a6 8. Bd2
Ne4 9. Rc1 Nxd2 10. Qxd2 e6 11. cxd5 exd5 12. Rfd1 Bf5 13. Ne5 Nd7 14. Nd3 Qh4
15. Bf1 Nf6 16. Ne5 g5 17. g3 Qh6 18. f4 Ne4 19. Nxe4 Bxe4 20. Qf2 f6 21. Nd3
Qg6 22. Nc5 Rf7 23. Nxe4 Qxe4 24. Bd3 Qe7 25. e4 Kh8 26. exd5 cxd5 27. Bf5
1/2-1/2

[Event "41. Offene Stadtmeisterschaft"]
[Site "Bergisch Gladbach"]
[Date "2019.09.13"]
[Round "3.11"]
[White "Roder, Stephan"]
[Black "König, Linus"]
[Result "1/2-1/2"]
[WhiteElo "1437"]
[BlackElo "1706"]
[PlyCount "63"]
[EventDate "2020.??.??"]
[EventRounds "7"]

1. d4 Nf6 2. Bf4 d5 3. c3 c5 4. e3 Nc6 5. Nd2 Bf5 6. Ngf3 e6 7. Be2 Bd6 8. Ne5
cxd4 9. exd4 Qe7 10. g4 Be4 11. Rg1 Bxe5 12. dxe5 Nd7 13. Bb5 Nc5 14. Nxe4 Nxe4
15. Qa4 O-O 16. g5 Qc7 17. Bxc6 Qxc6 18. Qxc6 bxc6 19. Be3 f5 20. f4 Rfb8 21.
O-O-O g6 22. Kc2 c5 23. Rg2 Rb7 24. a3 a5 25. h4 Rab8 26. Bc1 c4 27. Rh2 a4 28.
h5 Ng3 29. hxg6 hxg6 30. Kb1 Rb3 31. Ka1 Nh5 32. Rg2 1/2-1/2

[Event "41. Offene Stadtmeisterschaft"]
[Site "Bergisch Gladbach"]
[Date "2019.09.13"]
[Round "3.12"]
[White "Paul, Andre David"]
[Black "Hoferichter, Michael"]
[Result "0-1"]
[WhiteElo "1620"]
[BlackElo "1453"]
[PlyCount "96"]
[EventDate "2020.??.??"]
[EventRounds "7"]

1. d4 Nf6 2. c4 c5 3. d5 b5 4. cxb5 a6 5. b6 e6 6. Nc3 Qxb6 7. a4 Bb7 8. a5 Qc7
9. e4 d6 10. Bc4 e5 11. Bd2 Be7 12. Nge2 O-O 13. O-O Bc8 14. Ng3 Bg4 15. f3 Bc8
16. Na4 Nbd7 17. Nf5 Re8 18. Bc3 Bf8 19. Ne3 g6 20. Bd3 Qa7 21. Nc4 Nh5 22. Re1
Nf4 23. Bf1 Nf6 24. Nab6 Rb8 25. Nxc8 Rexc8 26. Nb6 Rc7 27. g3 N4h5 28. Bh3 c4
29. Qa4 Bh6 30. Re2 g5 31. Be1 Kh8 32. Bf2 Qb7 33. Rc2 Rg8 34. Rxc4 g4 35. fxg4
Nxg4 36. Ra3 Nf4 37. Bf1 Qa7 38. Rac3 Rxc4 39. Qxc4 Nxf2 40. Kxf2 Qe7 41. Qc7
Qg5 42. Nc4 Nxd5 43. exd5 Qf5+ 44. Rf3 Qc2+ 45. Be2 f5 46. Qxd6 e4 47. Rc3 e3+
48. Kf3 Qe4# 0-1

[Event "41. Offene Stadtmeisterschaft"]
[Site "Bergisch Gladbach"]
[Date "2019.09.13"]
[Round "3.13"]
[White "Gnass, Arno"]
[Black "Fey, Helmut"]
[Result "1-0"]
[WhiteElo "1594"]
[BlackElo "1399"]
[PlyCount "87"]
[EventDate "2020.??.??"]
[EventRounds "7"]

1. e4 c5 2. c3 d6 3. d4 cxd4 4. cxd4 e6 5. Nf3 Be7 6. Nc3 Nf6 7. Bd3 Nc6 8. a3
O-O 9. O-O a6 10. b4 b5 11. Bb2 Qb6 12. Rb1 Bb7 13. Re1 Nxd4 14. Nxd4 Qxd4 15.
Nd5 Qa7 16. Nxe7+ Kh8 17. Bxf6 Rfe8 18. Bg5 f6 19. Be3 Qb8 20. e5 Rxe7 21. exd6
Rf7 22. Bc5 Bd5 23. Qh5 Qg8 24. Bxh7 Qxh7 25. Qxf7 Qf5 26. Rbd1 Qg4 27. Rxd5
exd5 28. d7 Kh7 29. Qxd5 Rd8 30. Qd3+ Kh6 31. Be3+ g5 32. Qd6 Kg6 33. h3 Qf5
34. g4 Qe4 35. Rd1 Kg7 36. Bxg5 fxg5 37. Qd4+ Qxd4 38. Rxd4 Kf7 39. h4 gxh4 40.
f4 Ke7 41. Kh2 Rf8 42. d8=Q+ Rxd8 43. Rxd8 Kxd8 44. Kh3 1-0

[Event "41. Offene Stadtmeisterschaft"]
[Site "Bergisch Gladbach"]
[Date "2019.09.13"]
[Round "3.15"]
[White "Nölle, Nathalie"]
[Black "Wilde, Christian"]
[Result "1-0"]
[WhiteElo "1297"]
[BlackElo "1177"]
[PlyCount "57"]
[EventDate "2020.??.??"]
[EventRounds "7"]

1. d4 d5 2. Bf4 e6 3. e3 Nf6 4. Nf3 Nbd7 5. c3 c6 6. Nbd2 Be7 7. Bd3 c5 8. Ne5
c4 9. Bc2 Nxe5 10. dxe5 Nd7 11. Nf3 a6 12. a4 a5 13. h4 h6 14. g4 Nc5 15. Ke2
f5 16. exf6 Bxf6 17. g5 hxg5 18. hxg5 Rxh1 19. Qxh1 e5 20. Qh5+ Kd7 21. Nxe5+
Bxe5 22. Bxe5 Qe7 23. f4 Ne4 24. Bxe4 dxe4 25. Qg6 Kd8 26. Rd1+ Bd7 27. Bxg7
Ra6 28. Bf6 Rxf6 29. gxf6 1-0

[Event "41. Offene Stadtmeisterschaft"]
[Site "Bergisch Gladbach"]
[Date "2019.09.13"]
[Round "3.16"]
[White "Blüggel, Theodor"]
[Black "Nölle, Lisa"]
[Result "0-1"]
[WhiteElo "926"]
[BlackElo "1274"]
[PlyCount "40"]
[EventDate "2020.??.??"]
[EventRounds "7"]

1. d4 f5 2. c4 e6 3. Nc3 Bb4 4. Nf3 Nf6 5. a3 Bxc3+ 6. bxc3 Ne4 7. Bb2 d6 8. d5
e5 9. e3 O-O 10. Bd3 Nd7 11. Bxe4 fxe4 12. Nd2 Nc5 13. O-O Qg5 14. Kh1 Bd7 15.
a4 Rf6 16. Qc2 Bf5 17. Rg1 Raf8 18. Raf1 Bg6 19. Qd1 Nd3 20. Nxe4 Bxe4 0-1

[Event "41. Offene Stadtmeisterschaft"]
[Site "Bergisch Gladbach"]
[Date "2019.09.13"]
[Round "3.17"]
[White "Bernecker, Jan Magnus"]
[Black "Barek, Gabriel"]
[Result "1-0"]
[WhiteElo "1188"]
[BlackElo "948"]
[PlyCount "29"]
[EventDate "2020.??.??"]
[EventRounds "7"]

1. e4 e5 2. Nf3 Nc6 3. d4 f5 4. exf5 e4 5. Ng5 d5 6. Bb5 Bxf5 7. f3 Qe7 8. Qe2
h6 9. fxe4 Bxe4 10. Nxe4 dxe4 11. d5 Qb4+ 12. Nc3 Nge7 13. dxc6 bxc6 14. Bc4
Nd5 15. Qxe4+ 1-0

[Event "41. Offene Stadtmeisterschaft"]
[Site "Bergisch Gladbach"]
[Date "2019.09.13"]
[Round "3.18"]
[White "Schneider, Erich"]
[Black "Bosbach, Katja"]
[Result "1/2-1/2"]
[WhiteElo "1135"]
[BlackElo "801"]
[PlyCount "54"]
[EventDate "2020.??.??"]
[EventRounds "7"]

1. d4 d5 2. c4 Nf6 3. cxd5 Nxd5 4. Nf3 Bf5 5. Nc3 e6 6. e4 Nxc3 7. bxc3 Bxe4 8.
Bd3 Bf5 9. Bb5+ c6 10. Ba4 Be7 11. O-O Nd7 12. Re1 O-O 13. Bf4 Re8 14. Ne5 Qc8
15. Qh5 Rf8 16. Qf3 Nxe5 17. Bxe5 f6 18. Bf4 Qe8 19. Qg3 Qf7 20. Bb3 Ba3 21. c4
Rad8 22. Rad1 Bb4 23. Re3 c5 24. dxc5 Rxd1+ 25. Bxd1 Rd8 26. Bb3 Bxc5 27. Re1
Qe7 1/2-1/2

[Event "41. Offene Stadtmeisterschaft"]
[Site "Bergisch Gladbach"]
[Date "2019.09.20"]
[Round "4.2"]
[White "Schäde, Maximilian"]
[Black "Ljuboschiz, Alexander"]
[Result "0-1"]
[WhiteElo "1769"]
[BlackElo "1928"]
[PlyCount "84"]
[EventDate "2020.??.??"]
[EventRounds "7"]

1. d4 d6 2. c4 g6 3. Nc3 Bg7 4. Nf3 Nd7 5. e4 e5 6. Be3 Nh6 7. dxe5 dxe5 8. Qd5
O-O 9. Rd1 c6 10. Qd2 Ng4 11. Bc5 Re8 12. h3 Ngf6 13. b4 Nh5 14. Be2 Qf6 15.
Be3 Nf4 16. O-O Nf8 17. Qd6 N8e6 18. Qd2 Nxe2+ 19. Nxe2 b6 20. Qc1 Qe7 21. c5
bxc5 22. bxc5 Ba6 23. Rfe1 Red8 24. Ng3 Nd4 25. Nd2 h5 26. Nb3 h4 27. Bg5 Bf6
28. Bxf6 Qxf6 29. Nf1 Ne2+ 30. Rxe2 Bxe2 31. Re1 Bxf1 32. Kxf1 Qf4 33. Qxf4
exf4 34. e5 a5 35. Re4 Rd5 36. e6 fxe6 37. Rxe6 a4 38. Nc1 Rxc5 39. Nd3 Rc2 40.
Rxg6+ Kf7 41. Nxf4 Rb8 42. g3 Rbb2 0-1

[Event "41. Offene Stadtmeisterschaft"]
[Site "Bergisch Gladbach"]
[Date "2019.09.20"]
[Round "4.3"]
[White "Kuhn, Andreas"]
[Black "Gutt, Oswald"]
[Result "1/2-1/2"]
[WhiteElo "1920"]
[BlackElo "1882"]
[PlyCount "36"]
[EventDate "2020.??.??"]
[EventRounds "7"]

1. d4 Nf6 2. Nf3 e6 3. c4 d5 4. g3 dxc4 5. Bg2 Nbd7 6. Qa4 c5 7. Qxc4 Nb6 8.
Qd3 c4 9. Qc2 Bb4+ 10. Bd2 a5 11. e3 Bd7 12. Ne5 Ba4 13. Qc1 Qc7 14. O-O Rc8
15. a3 Bxd2 16. Qxd2 Nbd7 17. Nc3 Bb3 18. Nxd7 Qxd7 1/2-1/2

[Event "41. Offene Stadtmeisterschaft"]
[Site "Bergisch Gladbach"]
[Date "2019.09.20"]
[Round "4.4"]
[White "Türkkan, Nuh"]
[Black "Urban, Michael"]
[Result "1-0"]
[WhiteElo "1812"]
[BlackElo "1675"]
[PlyCount "81"]
[EventDate "2020.??.??"]
[EventRounds "7"]

1. c4 e6 2. Nf3 d5 3. g3 Nf6 4. Bg2 Be7 5. O-O O-O 6. Qc2 Nbd7 7. d4 c6 8. Nbd2
b6 9. e4 dxe4 10. Nxe4 Bb7 11. Bf4 Nxe4 12. Qxe4 Nf6 13. Qc2 c5 14. Rad1 Qc8
15. Rfe1 cxd4 16. Be5 Rd8 17. Bxd4 Ne8 18. Re5 g6 19. Re2 Qc7 20. Qc3 Rac8 21.
b3 b5 22. Rc1 bxc4 23. bxc4 Bc5 24. Be5 Qe7 25. Rb2 Be4 26. Nd2 Bxg2 27. Kxg2
Ba3 28. Ne4 Bxb2 29. Qxb2 Rd7 30. c5 f5 31. c6 Rd5 32. Qb7 Rc7 33. Bxc7 Nxc7
34. Nf6+ Qxf6 35. Qxc7 Qd8 36. Qxa7 Rd1 37. Rxd1 Qxd1 38. Qa8+ Kg7 39. c7 e5
40. c8=Q e4 41. Qf8# 1-0

[Event "41. Offene Stadtmeisterschaft"]
[Site "Bergisch Gladbach"]
[Date "2019.09.20"]
[Round "4.5"]
[White "Winckler, Andreas"]
[Black "Schläbitz, Joel"]
[Result "1-0"]
[WhiteElo "1759"]
[BlackElo "1730"]
[PlyCount "117"]
[EventDate "2020.??.??"]
[EventRounds "7"]

1. c4 Nf6 2. Nc3 e6 3. d4 d5 4. e3 a6 5. Nf3 Nbd7 6. cxd5 exd5 7. Bd3 Bd6 8.
O-O O-O 9. Qb3 c6 10. a4 Re8 11. Qc2 Qe7 12. Bd2 Ne4 13. a5 Nxd2 14. Bxh7+ Kh8
15. Nxd2 g6 16. Bxg6 fxg6 17. Qxg6 Nf8 18. Qh6+ Nh7 19. e4 dxe4 20. Ndxe4 Bc7
21. Rfe1 Rf8 22. d5 Bf4 23. Qh5 Qg7 24. dxc6 Bg4 25. Qh4 Rf5 26. Ng3 Rf6 27. f3
Bxf3 28. gxf3 Bxg3 29. hxg3 Rh6 30. Re7 Qg6 31. Qd4+ Kg8 32. Qe5 bxc6 33. Re1
Nf8 34. Kg2 Rd8 35. Re2 Rh5 36. Qe4 Qh6 37. Qg4+ Kh8 38. f4 Rd3 39. R7e3 Rd6
40. Ne4 Rd1 41. Kf3 Rhh1 42. Qf5 Rd5 43. Qf6+ Qxf6 44. Nxf6 Rxa5 45. Rc3 c5 46.
Ne4 Ne6 47. Kg4 Nd4 48. Rd2 Rh7 49. Nxc5 Rg7+ 50. Kh3 Nf5 51. g4 Rh7+ 52. Kg2
Nh4+ 53. Kg3 Rc7 54. Rd5 Ng6 55. Rh5+ Kg8 56. Rd5 Ne7 57. Rd8+ Kf7 58. Ne4 Rb7
59. Nd6+ 1-0

[Event "41. Offene Stadtmeisterschaft"]
[Site "Bergisch Gladbach"]
[Date "2019.09.20"]
[Round "4.6"]
[White "Hoferichter, Michael"]
[Black "Behle, Burkhard"]
[Result "0-1"]
[WhiteElo "1453"]
[BlackElo "1758"]
[PlyCount "66"]
[EventDate "2020.??.??"]
[EventRounds "7"]

1. d4 d5 2. c4 c6 3. e3 Nf6 4. cxd5 cxd5 5. Nc3 Nc6 6. h3 g6 7. Nf3 Bg7 8. Bd3
a6 9. O-O Bf5 10. Bxf5 gxf5 11. Re1 e6 12. Rb1 Bf8 13. a3 Rc8 14. Qa4 Qa5 15.
Qd1 Qc7 16. Bd2 Bd6 17. Ne2 Ne4 18. Nf4 Rg8 19. Nh4 Qe7 20. Nf3 Qf6 21. Qe2 Kd7
22. Kh2 Bxf4+ 23. exf4 Nxd4 24. Ne5+ Qxe5 25. fxe5 Nxe2 26. Rxe2 Rc2 27. Rd1
Rxb2 28. Rxe4 fxe4 29. Ba5 Rxf2 30. Rc1 Rgxg2+ 31. Kh1 Rh2+ 32. Kg1 Rfg2+ 33.
Kf1 Rc2 0-1

[Event "41. Offene Stadtmeisterschaft"]
[Site "Bergisch Gladbach"]
[Date "2019.09.20"]
[Round "4.7"]
[White "Nichte, Philipp"]
[Black "Gnass, Arno"]
[Result "1-0"]
[WhiteElo "1746"]
[BlackElo "1594"]
[PlyCount "129"]
[EventDate "2020.??.??"]
[EventRounds "7"]

1. e4 e5 2. Nf3 Nf6 3. Nxe5 d6 4. Nf3 Nxe4 5. Nc3 Nxc3 6. dxc3 Be7 7. Be3 O-O
8. Bd3 Bg4 9. h3 Bh5 10. g4 Bg6 11. Nd4 Bg5 12. Qf3 Bxe3 13. fxe3 Qh4+ 14. Kd2
Nd7 15. Rae1 Ne5 16. Qg2 c5 17. Nf5 Qd8 18. Kc1 b5 19. Be4 Rb8 20. Bd5 b4 21.
c4 a5 22. h4 Bxf5 23. gxf5 Qf6 24. Reg1 a4 25. h5 h6 26. Rh3 Kh8 27. Rg3 Rg8
28. Qe4 b3 29. axb3 axb3 30. c3 Rbe8 31. Kd1 Re7 32. Ke2 Ra7 33. R1g2 Ra2 34.
Kf1 Ra1+ 35. Kf2 Rc1 36. Rh3 Rc2+ 37. Kg1 Rxg2+ 38. Kxg2 Qg5+ 39. Kf1 Qf6 40.
Ke2 Qg5 41. Kf1 Qd8 42. Ke2 Qa5 43. Qb1 Qa4 44. Rh1 Qe8 45. Qe4 Qe7 46. Rh3 Re8
47. Qf4 f6 48. Qf1 Qa7 49. Qb1 Re7 50. Rh1 Qa2 51. Qxa2 bxa2 52. Ra1 Ra7 53.
Kd2 Ng4 54. e4 Nf2 55. Kc2 Nh3 56. Kb3 Nf4 57. Rxa2 Rxa2 58. Kxa2 Nxh5 59. b4
g5 60. fxg6 f5 61. exf5 Nf6 62. Be6 Ne8 63. b5 Nc7 64. b6 Na6 65. f6 1-0

[Event "41. Offene Stadtmeisterschaft"]
[Site "Bergisch Gladbach"]
[Date "2019.09.20"]
[Round "4.8"]
[White "Themm, Rainer"]
[Black "Stuch, Hans-Ferdinand"]
[Result "1-0"]
[WhiteElo "1836"]
[BlackElo "1519"]
[PlyCount "109"]
[EventDate "2020.??.??"]
[EventRounds "7"]

1. c4 Nf6 2. Nc3 e6 3. g3 d5 4. cxd5 exd5 5. d4 c6 6. Bg2 Bd6 7. Nf3 O-O 8. O-O
Re8 9. Re1 Nbd7 10. Qc2 Nf8 11. Bd2 Ng6 12. e4 dxe4 13. Nxe4 Bf5 14. Nxf6+ Qxf6
15. Qc3 h6 16. Be3 Ne7 17. Nh4 Be6 18. a3 Nd5 19. Qd2 g5 20. Nf3 Nxe3 21. fxe3
Bd5 22. Rf1 Qg6 23. Rae1 Re7 24. Rf2 Rae8 25. Qc3 f6 26. Nd2 Bxg2 27. Kxg2 f5
28. Nc4 Bb8 29. Ref1 f4 30. exf4 gxf4 31. Ne5 Qe4+ 32. Rf3 Bxe5 33. dxe5 Rxe5
34. gxf4 R5e7 35. Kg1 Rg7+ 36. Rg3 Qe3+ 37. Qxe3 Rxe3 38. Kf2 Rgxg3 39. hxg3
Rd3 40. Kg2 Kf7 41. Rf2 Kf6 42. Kh3 Rd5 43. Kg4 h5+ 44. Kh4 b5 45. Re2 a5 46.
Re5 Rxe5 47. fxe5+ Kxe5 48. Kxh5 Kf6 49. g4 Kg7 50. Kg5 c5 51. Kf5 c4 52. Ke4
b4 53. a4 c3 54. bxc3 b3 55. Kd3 1-0

[Event "41. Offene Stadtmeisterschaft"]
[Site "Bergisch Gladbach"]
[Date "2019.09.20"]
[Round "4.9"]
[White "Mann, Günter"]
[Black "Roder, Stephan"]
[Result "1-0"]
[WhiteElo "1728"]
[BlackElo "1437"]
[PlyCount "31"]
[EventDate "2020.??.??"]
[EventRounds "7"]

1. e4 e5 2. f4 exf4 3. Nf3 Be7 4. Bc4 d6 5. O-O Bg4 6. d4 Nf6 7. Nc3 O-O 8.
Bxf4 Nbd7 9. Qe1 Nb6 10. Bb3 Bh5 11. Rd1 h6 12. Qg3 Bg6 13. Qxg6 d5 14. Qf5 g6
15. Qh3 Kg7 16. Qxh6+ 1-0